Sheshik takniki tatha sharirik shiksha me shikshan vidhiya (Record no. 394137)

MARC details
000 -LEADER
fixed length control field 00514 a2200181 4500
005 - DATE & TIME
control field 20260210105140.0
008 - FIXED-LENGTH DATA ELEMENTS--GENERAL INFORMATION
fixed length control field 260209b |||||||| |||| 00| 0 eng d
020 ## - ISBN
International Standard Book Number 9789388269445
Price Rs. 1200.00
040 ## - CATALOGING SOURCE
Original cataloging agency VIVEKANANDA LIBRARY
082 ## - DDC NUMBER
Classification number 796.07028
Book Number V321S
100 ## - MAIN ENTRY--PERSONAL NAME
Personal name Vankhede, Santosh Kumar
245 ## - TITLE STATEMENT
Title Sheshik takniki tatha sharirik shiksha me shikshan vidhiya
260 ## - PUBLICATION, DISTRIBUTION, ETC. (IMPRINT)
Name of publisher, distributor, etc Sports Publications
Date of publication, distribution, etc 2026
Place of publication, distribution, etc New Delhi
300 ## - PHYSICAL DESCRIPTION
Pages 248
650 ## - Subject
Subject Physical Education
650 ## - Subject
Subject Sports- Teaching
942 ## - ADDED ENTRY ELEMENTS (KOHA)
Koha item type Books
Holdings
Withdrawn status Lost status Source of classification or shelving scheme Damaged status Not for loan Location (home branch) Sublocation or collection (holding branch) Shelving location Date acquired Koha issues (times borrowed) Koha full call number Accession No. Koha date last seen Koha item type
    Dewey Decimal Classification     VIVEKANANDA LIBRARY VIVEKANANDA LIBRARY Vivekananda Library 05/01/2026 1 796.07028 V321S 444245 25/03/2026 Books
© Designed and Maintained by Vivekananda Library, MDU Rohtak